[Event "4NCL Division 1a"]
[Site "Birmingham ENG"]
[Date "2015.02.14"]
[Round "5.111"]
[White "Speelman, Jon S"]
[Black "Merry, Alan"]
[Result "1-0"]
[WhiteElo "2506"]
[BlackElo "2345"]
[PlyCount "77"]
[EventDate "2015.02.14"]
[WhiteTeam "Wood Green HK"]
[BlackTeam "The AD's"]

1. Nf3 g6 2. e4 Bg7 3. d4 d6 4. Bc4 e6 5. Bb3 Ne7 6. O-O b6 7. Re1 Nd7 8. Nbd2
Bb7 9. Nf1 h6 10. Ng3 O-O 11. c3 e5 12. h4 Kh8 13. h5 f5 14. hxg6 f4 15. Nh5
Nxg6 16. Be6 Nf6 17. Bf5 Qe8 18. Nxg7 Kxg7 19. b3 Rg8 20. Bb2 Ne7 21. Be6 Qh5
22. dxe5 dxe5 23. c4 Rgd8 24. Qe2 Ng6 25. Bf5 Re8 26. Rad1 Bc8 27. Qc2 Ng4 28.
c5 Re7 29. Rd8 Bxf5 30. Rxa8 Bd7 31. c6 Be6 32. Qc3 Kh7 33. Rd1 Nh4 34. Nxe5
Nxe5 35. Qxe5 Qxd1+ 36. Kh2 Qg4 37. Rh8+ Kg6 38. Qf6+ Kh5 39. Rxh6# 1-0

[Event "4NCL Division 1a"]
[Site "Birmingham ENG"]
[Date "2015.02.14"]
[Round "5.112"]
[White "Rich, Mark C"]
[Black "Tari, Aryan"]
[Result "0-1"]
[WhiteElo "2111"]
[BlackElo "2493"]
[PlyCount "54"]
[EventDate "2015.02.14"]
[WhiteTeam "The AD's"]
[BlackTeam "Wood Green HK"]

1. e4 c5 2. Nc3 a6 3. g3 b5 4. Bg2 Bb7 5. Qe2 e6 6. d3 Nc6 7. f4 b4 8. Nb1 d5
9. c3 dxe4 10. dxe4 Nf6 11. Nf3 Be7 12. O-O O-O 13. e5 Nd5 14. Rd1 Qc7 15. c4
Nb6 16. Be3 Rfd8 17. Nbd2 Nd4 18. Bxd4 cxd4 19. Qd3 Na4 20. Qc2 Nc5 21. Nb3 d3
22. Qc1 Rac8 23. Ne1 Bxg2 24. Nxg2 Na4 25. Ne3 Bc5 26. Nxc5 Qxc5 27. Kf2 Qd4
0-1

[Event "4NCL Division 1a"]
[Site "Birmingham ENG"]
[Date "2015.02.14"]
[Round "5.113"]
[White "Shaw, John"]
[Black "Richardson, John R"]
[Result "1-0"]
[WhiteElo "2426"]
[BlackElo "2330"]
[PlyCount "69"]
[EventDate "2015.02.14"]
[WhiteTeam "Wood Green HK"]
[BlackTeam "The AD's"]

1. e4 c6 2. d4 d5 3. e5 Bf5 4. h4 h5 5. Bd3 Bxd3 6. Qxd3 e6 7. Bg5 Qa5+ 8. Nd2
Qb5 9. c4 dxc4 10. Nxc4 Bb4+ 11. Ke2 Nd7 12. Nf3 Nh6 13. a3 Bf8 14. Bxh6 Rxh6
15. Rhc1 Nb6 16. b3 Rd8 17. Rd1 Be7 18. g3 Kf8 19. Rac1 Rh8 20. a4 Qb4 21. a5
Nd7 22. a6 Nc5 23. dxc5 Rxd3 24. Rxd3 bxa6 25. Nd6 Bxd6 26. Rc4 Qb7 27. cxd6
Qb5 28. d7 Ke7 29. Nd4 Qxe5+ 30. Kf1 Kf6 31. Nxc6 Qa1+ 32. Kg2 Qb1 33. Rf3+ Kg6
34. Ne5+ Kh7 35. Rc8 1-0

[Event "4NCL Division 1a"]
[Site "Birmingham ENG"]
[Date "2015.02.14"]
[Round "5.114"]
[White "Snape, Ian L"]
[Black "Greet, Andrew N"]
[Result "0-1"]
[WhiteElo "2135"]
[BlackElo "2450"]
[PlyCount "38"]
[EventDate "2015.02.14"]
[WhiteTeam "The AD's"]
[BlackTeam "Wood Green HK"]

1. e4 e6 2. d4 d5 3. Nc3 Nf6 4. e5 Nfd7 5. f4 c5 6. Nf3 Nc6 7. Be3 a6 8. Qd2 b5
9. dxc5 Bxc5 10. Ne2 Qb6 11. Bxc5 Nxc5 12. Ned4 Bd7 13. Nxc6 Bxc6 14. Nd4 O-O
15. O-O-O b4 16. Bd3 Bb5 17. Qxb4 Rfb8 18. a3 Nxd3+ 19. cxd3 a5 0-1

[Event "4NCL Division 1a"]
[Site "Birmingham ENG"]
[Date "2015.02.14"]
[Round "5.115"]
[White "McDonald, Neil"]
[Black "Wheeler, Darren P"]
[Result "0-1"]
[WhiteElo "2424"]
[BlackElo "2252"]
[PlyCount "106"]
[EventDate "2015.02.14"]
[WhiteTeam "Wood Green HK"]
[BlackTeam "The AD's"]

1. e4 e6 2. d4 d5 3. e5 c5 4. c3 Nc6 5. Nf3 Qb6 6. a3 c4 7. Nbd2 Na5 8. Rb1 Bd7
9. Be2 f6 10. O-O Nh6 11. Re1 Nf7 12. Bf1 fxe5 13. Nxe5 Nxe5 14. Rxe5 Bd6 15.
Rg5 O-O 16. b3 Qd8 17. Qg4 Qf6 18. Nf3 Nxb3 19. Be3 Be8 20. Ne5 Bxe5 21. Rxe5
Bg6 22. Rb2 Bf5 23. Qd1 Qg6 24. f3 Na5 25. Kh1 Nc6 26. Bf4 Nxe5 27. Bxe5 b6 28.
g4 Bd3 29. Bg2 Qh6 30. Qe1 g5 31. Qe3 Qg6 32. Rf2 Rf7 33. h4 gxh4 34. Bh3 Raf8
35. Kh2 h6 36. g5 h5 37. f4 Bf5 38. Bg2 Bg4 39. Rd2 Kh7 40. Qe1 h3 41. Bh1 Rxf4
42. Bxf4 Rxf4 43. Qe5 Rf5 44. Qc7+ Qf7 45. Qg3 Rf1 46. a4 Qf4 47. Qxf4 Rxf4 48.
a5 Kg6 49. axb6 axb6 50. Rb2 Kxg5 51. Kg1 Kh4 52. Rxb6 Kg3 53. Rb2 h2+ 0-1

[Event "4NCL Division 1a"]
[Site "Birmingham ENG"]
[Date "2015.02.14"]
[Round "5.116"]
[White "Anderton, David W"]
[Black "Pein, Malcolm"]
[Result "0-1"]
[WhiteElo "2158"]
[BlackElo "2344"]
[PlyCount "58"]
[EventDate "2015.02.14"]
[WhiteTeam "The AD's"]
[BlackTeam "Wood Green HK"]

1. d4 Nf6 2. c4 c5 3. d5 d6 4. Nc3 g6 5. g3 Bg7 6. Bg2 O-O 7. Nf3 Na6 8. O-O
Nc7 9. a4 Rb8 10. h3 e6 11. e4 exd5 12. cxd5 Re8 13. Re1 a6 14. a5 Nb5 15. e5
dxe5 16. Rxe5 Nxc3 17. bxc3 Ne4 18. Rxe8+ Qxe8 19. Bd2 Nxc3 20. Bxc3 Bxc3 21.
Ra3 Bf6 22. Nd2 Bd7 23. Ne4 Bd4 24. Qf3 f5 25. Nd6 Qe1+ 26. Bf1 b5 27. Ra2 Qe5
28. Qf4 Qxf4 29. gxf4 c4 0-1

[Event "4NCL Division 1a"]
[Site "Birmingham ENG"]
[Date "2015.02.14"]
[Round "5.117"]
[White "Hegarty, Sarah N"]
[Black "Swindells, Jonathan E"]
[Result "0-1"]
[WhiteElo "2078"]
[BlackElo "2145"]
[PlyCount "80"]
[EventDate "2015.02.14"]
[WhiteTeam "Wood Green HK"]
[BlackTeam "The AD's"]

1. e4 e5 2. Bc4 Nf6 3. d3 Nc6 4. Nf3 Bc5 5. O-O d6 6. c3 a6 7. Bb3 Bg4 8. h3
Bh5 9. Nbd2 Qd7 10. Re1 g5 11. Nf1 g4 12. hxg4 Nxg4 13. d4 Ba7 14. Ng3 Bg6 15.
Bg5 f6 16. Bh4 O-O-O 17. Re2 Rdf8 18. Bc2 Nd8 19. Rd2 h5 20. b4 Ne6 21. Ne2 Qh7
22. d5 Ng5 23. Ng3 Nxe4 24. Nxe4 Bxe4 25. Bxe4 Qxe4 26. Qc2 Qxc2 27. Rxc2 Nh6
28. Re1 Rhg8 29. c4 Rg4 30. g3 Nf5 31. Kf1 Nd4 32. Nxd4 Rxd4 33. Rec1 Kd7 34.
f3 Rg8 35. Ke2 f5 36. Rh1 b5 37. cxb5 axb5 38. Rhc1 Bb6 39. a3 Rxd5 40. Rc3 f4
0-1

[Event "4NCL Division 1a"]
[Site "Birmingham ENG"]
[Date "2015.02.14"]
[Round "5.121"]
[White "Hunt, Adam C"]
[Black "Wells, Peter"]
[Result "1-0"]
[WhiteElo "2428"]
[BlackElo "2456"]
[PlyCount "69"]
[EventDate "2015.02.14"]
[WhiteTeam "Blackthorne Russia"]
[BlackTeam "White Rose 1"]

1. e4 c6 2. d4 d5 3. Nc3 dxe4 4. Nxe4 Bf5 5. Ng3 Bg6 6. h4 h6 7. Nf3 Nd7 8. h5
Bh7 9. Bd3 Bxd3 10. Qxd3 e6 11. Bd2 Ngf6 12. O-O-O Be7 13. Kb1 Qb6 14. c4 Rd8
15. Qc2 O-O 16. Bf4 Qa6 17. Nf1 b5 18. c5 Nd5 19. Bd2 b4 20. Ne3 Rb8 21. Nxd5
cxd5 22. Bf4 Rb5 23. Ne5 Nf6 24. f3 Rc8 25. Qd3 b3 26. a3 Qa4 27. Be3 Bd8 28.
g4 Bc7 29. Nxf7 Qc4 30. Nxh6+ Kf8 31. g5 gxh6 32. gxf6 Qxd3+ 33. Rxd3 Kf7 34.
Bxh6 Kxf6 35. Rg1 1-0

[Event "4NCL Division 1a"]
[Site "Birmingham ENG"]
[Date "2015.02.14"]
[Round "5.122"]
[White "Adair, James"]
[Black "Gormally, Daniel W"]
[Result "1-0"]
[WhiteElo "2429"]
[BlackElo "2489"]
[PlyCount "71"]
[EventDate "2015.02.14"]
[WhiteTeam "White Rose 1"]
[BlackTeam "Blackthorne Russia"]

1. e4 c5 2. Nf3 d6 3. d4 cxd4 4. Nxd4 Nf6 5. Nc3 a6 6. Be3 e5 7. Nb3 Be6 8. f3
Be7 9. Qd2 O-O 10. O-O-O Nbd7 11. g4 b5 12. g5 b4 13. gxf6 bxc3 14. Qxc3 Nxf6
15. Na5 Qd7 16. Nc6 Rfc8 17. Nxe7+ Qxe7 18. Qa5 Rc6 19. Kb1 Rac8 20. Rd2 Qb7
21. b3 Ne8 22. Bd3 Nc7 23. c4 Ne8 24. Ka1 Qe7 25. Rg1 Qh4 26. Bc2 Qh5 27. Rf2
Nf6 28. Qe1 g6 29. Bg5 Kg7 30. Bd1 Ng4 31. h4 Nxf2 32. Qxf2 f6 33. f4 Qxd1+ 34.
Rxd1 fxg5 35. fxg5 Rf8 36. Qa7+ 1-0

[Event "4NCL Division 1a"]
[Site "Birmingham ENG"]
[Date "2015.02.14"]
[Round "5.123"]
[White "Ledger, Andrew J"]
[Black "Palliser, Richard"]
[Result "1/2-1/2"]
[WhiteElo "2388"]
[BlackElo "2445"]
[PlyCount "60"]
[EventDate "2015.02.14"]
[WhiteTeam "Blackthorne Russia"]
[BlackTeam "White Rose 1"]

1. d4 Nf6 2. c4 g6 3. Nc3 Bg7 4. e4 d6 5. h3 O-O 6. Bg5 Na6 7. Nf3 Qe8 8. Bd3
e5 9. O-O Nh5 10. Re1 exd4 11. Nb5 h6 12. Bc1 Qe7 13. Nbxd4 Qf6 14. Bf1 Re8 15.
g3 Bd7 16. Bd2 Nc5 17. Qc2 Ba4 18. Qb1 Bc6 19. Nxc6 bxc6 20. Bg2 Qxb2 21. Qxb2
Bxb2 22. Rab1 Bg7 23. g4 Nf6 24. e5 Nfe4 25. Ba5 dxe5 26. Nh4 Bf6 27. Bxe4 Nxe4
28. Rxe4 Bxh4 29. Bxc7 Bf6 30. Bd6 Rad8 1/2-1/2

[Event "4NCL Division 1a"]
[Site "Birmingham ENG"]
[Date "2015.02.14"]
[Round "5.124"]
[White "Webb, Matthew"]
[Black "Ansell, Simon T"]
[Result "1/2-1/2"]
[WhiteElo "2208"]
[BlackElo "2373"]
[PlyCount "55"]
[EventDate "2015.02.14"]
[WhiteTeam "White Rose 1"]
[BlackTeam "Blackthorne Russia"]

1. e4 c5 2. Nf3 Nc6 3. Bb5 e6 4. O-O Nge7 5. c3 d5 6. exd5 Qxd5 7. d4 cxd4 8.
Qe2 a6 9. Bc4 Qd8 10. Rd1 d3 11. Bxd3 Qc7 12. c4 g6 13. Nc3 Bg7 14. Be3 O-O 15.
Na4 Bd7 16. Bc5 Nd4 17. Bxd4 Bxd4 18. Nxd4 Bxa4 19. Re1 Rad8 20. Nf3 Qd6 21.
Be4 Bc6 22. Rac1 Qf4 23. Qc2 Qf6 24. b4 Rc8 25. Rcd1 Rfd8 26. h3 Qf4 27. Bxc6
Nxc6 28. a3 1/2-1/2

[Event "4NCL Division 1a"]
[Site "Birmingham ENG"]
[Date "2015.02.14"]
[Round "5.125"]
[White "Bates, Richard A"]
[Black "Gourlay, Iain"]
[Result "1-0"]
[WhiteElo "2342"]
[BlackElo "2372"]
[PlyCount "125"]
[EventDate "2015.02.14"]
[WhiteTeam "Blackthorne Russia"]
[BlackTeam "White Rose 1"]

1. d4 d5 2. c4 c6 3. Nf3 Nf6 4. Qb3 dxc4 5. Qxc4 Bg4 6. Nbd2 Nbd7 7. g3 e6 8.
Bg2 Be7 9. O-O O-O 10. Ne5 Bh5 11. Nxd7 Qxd7 12. Nb3 Rad8 13. e4 Bg6 14. f3 Ne8
15. Bf4 f5 16. Rad1 Nf6 17. Rfe1 Bf7 18. Qc3 Qc8 19. Nc5 Nd7 20. b4 b6 21. Nb3
fxe4 22. fxe4 c5 23. bxc5 bxc5 24. d5 exd5 25. exd5 Bf6 26. Qc1 Nb6 27. d6 c4
28. Nd2 Bh5 29. Nf3 c3 30. Kh1 Qf5 31. Nd4 Qg6 32. Ne6 Bxd1 33. Nxf8 Kxf8 34.
Rxd1 Qf5 35. Qa3 Qd7 36. Rf1 Kg8 37. Qb3+ Qf7 38. Qc2 Qe6 39. Be4 Qh3 40. Re1
g5 41. Bf5 Qh6 42. Bc1 Qg7 43. Re6 Nd7 44. Ba3 Nf8 45. Re7 Qh6 46. Bb4 Qh5 47.
Qb3+ Kh8 48. Qxc3 Rxd6 49. g4 Qh6 50. Qe3 Bxe7 51. Qxe7 Rd1+ 52. Kg2 Rc1 53.
Qxf8+ Qxf8 54. Bxf8 Rd1 55. Be7 h6 56. Bf8 Rd2+ 57. Kg3 Rxa2 58. Bxh6 Ra3+ 59.
Kg2 Ra2+ 60. Kf3 Rxh2 61. Bxg5 a5 62. Bf6+ Kg8 63. g5 1-0

[Event "4NCL Division 1a"]
[Site "Birmingham ENG"]
[Date "2015.02.14"]
[Round "5.126"]
[White "McNab, Colin"]
[Black "Webb, Laurence E"]
[Result "0-1"]
[WhiteElo "2432"]
[BlackElo "2264"]
[PlyCount "78"]
[EventDate "2015.02.14"]
[WhiteTeam "White Rose 1"]
[BlackTeam "Blackthorne Russia"]

1. c4 e5 2. Nc3 Nc6 3. Nf3 f5 4. g3 Nf6 5. d4 e4 6. Nh4 g6 7. Bg5 Bg7 8. Qd2
Ne7 9. f3 d5 10. fxe4 dxe4 11. h3 h6 12. Be3 g5 13. Ng2 a6 14. O-O-O b5 15. h4
g4 16. Nf4 bxc4 17. d5 Kf7 18. h5 c6 19. d6 Ned5 20. Ncxd5 cxd5 21. Ng6 Be6 22.
Nxh8+ Bxh8 23. Bxh6 c3 24. bxc3 Rb8 25. Qc2 Qxd6 26. Rd4 Qxg3 27. e3 Nxh5 28.
Rd1 Rc8 29. c4 f4 30. Rxh5 Qxe3+ 31. Rd2 Qa3+ 32. Kd1 g3 33. Rhxd5 Qf3+ 34. Ke1
Bxd5 35. Qa4 Qe3+ 36. Kd1 Qf3+ 37. Ke1 Be6 38. Qxa6 Bc3 39. Qa7+ Kg6 0-1

[Event "4NCL Division 1a"]
[Site "Birmingham ENG"]
[Date "2015.02.14"]
[Round "5.127"]
[White "Ledger, Dave J"]
[Black "Townsend, Paul"]
[Result "1/2-1/2"]
[WhiteElo "2232"]
[BlackElo "2254"]
[PlyCount "72"]
[EventDate "2015.02.14"]
[WhiteTeam "Blackthorne Russia"]
[BlackTeam "White Rose 1"]

1. e4 e6 2. d4 d5 3. Nc3 Bb4 4. e5 c5 5. a3 Bxc3+ 6. bxc3 Ne7 7. Qg4 Nf5 8. Bd3
h5 9. Qg5 Qxg5 10. Bxg5 cxd4 11. Bxf5 exf5 12. Ne2 dxc3 13. Nxc3 Be6 14. Nb5
Na6 15. Nd6+ Kd7 16. Be3 b6 17. O-O Nc5 18. Rfd1 Kc6 19. a4 a6 20. Ra3 f6 21.
f4 g5 22. Rf1 gxf4 23. Bxf4 Rhd8 24. Bg3 fxe5 25. Nxf5 Rf8 26. Ne7+ Kd6 27. Ng6
Rxf1+ 28. Kxf1 Nd7 29. Nxe5 Nxe5 30. Re3 Rf8+ 31. Ke2 Bg4+ 32. Kd2 Re8 33. Kc3
Rc8+ 34. Kd2 Re8 35. Kc3 Rc8+ 36. Kd2 Re8 1/2-1/2

[Event "4NCL Division 1a"]
[Site "Birmingham ENG"]
[Date "2015.02.14"]
[Round "5.128"]
[White "Maroroa, Sue"]
[Black "Atkins, Rita"]
[Result "1-0"]
[WhiteElo "2084"]
[BlackElo "2128"]
[PlyCount "57"]
[EventDate "2015.02.14"]
[WhiteTeam "White Rose 1"]
[BlackTeam "Blackthorne Russia"]

1. e4 d6 2. d4 Nf6 3. Nc3 c6 4. f4 Qa5 5. e5 Ne4 6. Qf3 d5 7. Bd3 g6 8. Bxe4
dxe4 9. Qxe4 Na6 10. Qe2 Nb4 11. Nf3 Bf5 12. O-O Nxc2 13. g4 Nxa1 14. gxf5 gxf5
15. Be3 e6 16. Rxa1 Rg8+ 17. Kh1 Be7 18. Rc1 Rg4 19. d5 cxd5 20. Nb5 Rd8 21.
Nd6+ Bxd6 22. exd6 d4 23. Nxd4 Rxd6 24. h3 Qd5+ 25. Kh2 Rg6 26. Nb5 Rc6 27.
Nc7+ Rxc7 28. Rxc7 a6 29. Qd2 1-0

[Event "4NCL Division 1a"]
[Site "Birmingham ENG"]
[Date "2015.02.14"]
[Round "5.131"]
[White "Pert, Nick"]
[Black "Cobb, James"]
[Result "0-1"]
[WhiteElo "2565"]
[BlackElo "2423"]
[PlyCount "104"]
[EventDate "2015.02.14"]
[WhiteTeam "Guildford 2"]
[BlackTeam "South Wales Dragons"]

1. d4 Nf6 2. Nf3 e6 3. c4 d5 4. Nc3 Nbd7 5. cxd5 exd5 6. Bf4 c6 7. e3 Nh5 8.
Be5 Nxe5 9. Nxe5 Nf6 10. Bd3 Bd6 11. f4 O-O 12. O-O c5 13. Qf3 cxd4 14. exd4
Qb6 15. Qf2 Bb4 16. Rae1 Qa5 17. Re3 Bxc3 18. bxc3 Ne4 19. Qh4 Qxc3 20. f5 Qxd4
21. Ng4 f6 22. Kh1 Qc5 23. Qh5 Ng5 24. h4 Ne4 25. Bxe4 dxe4 26. Rg3 Kh8 27. Ne3
Bd7 28. Qg4 Rf7 29. h5 h6 30. Qf4 Qe5 31. Qxe5 fxe5 32. Rg4 Raf8 33. Rxe4 Bxf5
34. Rxe5 Bd7 35. Rd1 Bc6 36. Kg1 Rf2 37. a3 Re2 38. Rf1 Rxf1+ 39. Kxf1 Ra2 40.
Re7 Rxa3 41. g4 Ra4 42. Ke2 Rf4 43. Rc7 a5 44. Kd3 a4 45. Nf5 Rxg4 46. Ne7 Be4+
47. Ke3 Kh7 48. Rc8 a3 49. Ra8 Bc2 50. Kd2 Ra4 51. Rf8 a2 52. Ng6 Bxg6 0-1

[Event "4NCL Division 1a"]
[Site "Birmingham ENG"]
[Date "2015.02.14"]
[Round "5.132"]
[White "Cooper, John G"]
[Black "Smerdon, Dave"]
[Result "1/2-1/2"]
[WhiteElo "2323"]
[BlackElo "2512"]
[PlyCount "42"]
[EventDate "2015.02.14"]
[WhiteTeam "South Wales Dragons"]
[BlackTeam "Guildford 2"]

1. d4 d5 2. c4 dxc4 3. e3 e5 4. Bxc4 exd4 5. exd4 Bd6 6. Nf3 Nf6 7. O-O O-O 8.
Nc3 Nc6 9. h3 Bf5 10. Re1 Re8 11. Rxe8+ Qxe8 12. Nb5 Ne4 13. Ng5 Nxg5 14. Bxg5
Qd7 15. Nxd6 Qxd6 16. Qb3 Rf8 17. Re1 Qg6 18. Qe3 Nb4 19. Qg3 Nc2 20. Rd1 Re8
21. d5 c5 1/2-1/2

[Event "4NCL Division 1a"]
[Site "Birmingham ENG"]
[Date "2015.02.14"]
[Round "5.133"]
[White "Suarez Real, Alberto"]
[Black "Dineley, Richard"]
[Result "1/2-1/2"]
[WhiteElo "2398"]
[BlackElo "2258"]
[PlyCount "157"]
[EventDate "2015.02.14"]
[WhiteTeam "Guildford 2"]
[BlackTeam "South Wales Dragons"]

1. e4 c5 2. Nc3 Nc6 3. Nge2 d6 4. d4 cxd4 5. Nxd4 Nf6 6. Bg5 e6 7. Qd2 Be7 8.
O-O-O O-O 9. f4 Nxd4 10. Qxd4 Qa5 11. Bc4 Bd7 12. e5 dxe5 13. fxe5 Bc6 14. Bd2
Nd7 15. Nd5 Qd8 16. Nxe7+ Qxe7 17. Rhe1 Rfd8 18. Qg4 Nf8 19. Bd3 Rxd3 20. cxd3
Qd7 21. Re3 Qd5 22. Kb1 Ng6 23. Qh5 Bb5 24. Rh3 h6 25. Bc1 Rc8 26. Rg3 Ba4 27.
Re1 Bc2+ 28. Ka1 Bxd3 29. Qd1 Bc4 30. Rc3 Rc6 31. Qxd5 Bxd5 32. Rxc6 Bxc6 33.
g3 Ne7 34. Be3 a6 35. Bc5 Nd5 36. Kb1 g5 37. Kc2 h5 38. Be3 g4 39. Bd2 Kg7 40.
Kd3 Ne7 41. Bg5 Nf5 42. a3 Kg6 43. Bf6 Bd5 44. Rc1 Bf3 45. Rc8 Bd5 46. Rg8+ Kh7
47. Rh8+ Kg6 48. Rg8+ Kh7 49. Rb8 Kg6 50. b4 Bc6 51. Kc4 Ne3+ 52. Kc5 Kf5 53.
Rh8 Nc2 54. Rxh5+ Ke4 55. h3 Kf3 56. hxg4 Nxa3 57. g5 Be4 58. Rh8 Nc2 59. Rf8
Bg6 60. Rb8 Be4 61. Rd8 b6+ 62. Kxb6 Nxb4 63. Rf8 Bg6 64. Kc5 Nd5 65. Kd6 Kxg3
66. Ra8 Kf4 67. Rxa6 Kf5 68. Ra2 Bh5 69. Ra8 Bg6 70. Ra2 Bh5 71. Ra8 Bg6 72.
Rh8 Nf4 73. Rh1 Bh5 74. Ke7 Bg6 75. Rh6 Bh5 76. Rh7 Bg6 77. Rxf7 Bxf7 78. Kxf7
Ng6 79. Kg7 1/2-1/2

[Event "4NCL Division 1a"]
[Site "Birmingham ENG"]
[Date "2015.02.14"]
[Round "5.134"]
[White "Redmond, John P"]
[Black "Zhou, Yang-Fan"]
[Result "0-1"]
[WhiteElo "2218"]
[BlackElo "2470"]
[PlyCount "94"]
[EventDate "2015.02.14"]
[WhiteTeam "South Wales Dragons"]
[BlackTeam "Guildford 2"]

1. Nf3 g6 2. c4 Bg7 3. d4 d6 4. Nc3 Nd7 5. e4 e5 6. Be2 Ngf6 7. O-O O-O 8. Re1
c6 9. Rb1 exd4 10. Nxd4 Re8 11. Bf1 Ng4 12. h3 Qb6 13. hxg4 Qxd4 14. Be3 Qxd1
15. Rbxd1 Be5 16. f3 Nc5 17. g5 Be6 18. Rd2 a5 19. Nd1 a4 20. a3 Nb3 21. Rc2
Bd7 22. Nf2 c5 23. Nd3 Bc6 24. Nxe5 dxe5 25. Rc3 Red8 26. Rd3 Nd4 27. Rd2 Rab8
28. Red1 Rdc8 29. Bxd4 cxd4 30. Rc1 Bd7 31. Rdc2 Rc5 32. Bd3 Kg7 33. Kf2 f6 34.
gxf6+ Kxf6 35. Rh1 h5 36. g3 Rbc8 37. Rhc1 g5 38. Kg2 h4 39. Kh2 R8c6 40. Kg2
Rb6 41. Rd2 Rb3 42. Rf1 b5 43. cxb5 Rxd3 44. Rxd3 Bxb5 45. Rfd1 Bxd3 46. Rxd3
Rc2+ 47. Kh3 Rxb2 0-1

[Event "4NCL Division 1a"]
[Site "Birmingham ENG"]
[Date "2015.02.14"]
[Round "5.135"]
[White "Flear, Glenn"]
[Black "James, David J"]
[Result "1-0"]
[WhiteElo "2463"]
[BlackElo "2155"]
[PlyCount "103"]
[EventDate "2015.02.14"]
[WhiteTeam "Guildford 2"]
[BlackTeam "South Wales Dragons"]

1. d4 Nf6 2. c4 e6 3. Nf3 b6 4. e3 Bb4+ 5. Nbd2 Bb7 6. Bd3 O-O 7. O-O d5 8. b3
Nbd7 9. Bb2 Ne4 10. Qc2 f5 11. Rfd1 c6 12. Nf1 Be7 13. Rac1 Rc8 14. Qe2 Rc7 15.
Ne1 Bd6 16. f3 Nef6 17. Nd2 Nh5 18. g3 Qg5 19. Ng2 Rcc8 20. f4 Qh6 21. cxd5
exd5 22. g4 fxg4 23. Qxg4 Rcd8 24. Nf3 Nb8 25. Qg5 Nf6 26. Qxh6 gxh6 27. Ne5
Ne4 28. Bxe4 dxe4 29. Nc4 Be7 30. Ba3 Bxa3 31. Nxa3 Kf7 32. Nc4 Kf6 33. Kf2 Rd5
34. Ne5 h5 35. Ne1 Rfd8 36. Nc2 c5 37. Ke1 Rg8 38. Kf2 Rgd8 39. Rd2 Bc8 40. Rg1
Bf5 41. Rg5 Bg6 42. Ke1 cxd4 43. Rxd4 Rxd4 44. Nxd4 Rc8 45. Kd2 a5 46. Nc4 Rc5
47. h4 Nd7 48. Nxb6 Rxg5 49. fxg5+ Ke7 50. Nc6+ Kd6 51. Nxd7 Kxc6 52. Ne5+ 1-0

[Event "4NCL Division 1a"]
[Site "Birmingham ENG"]
[Date "2015.02.14"]
[Round "5.136"]
[White "Morris, Charles F"]
[Black "Sarakauskas, Gediminas"]
[Result "0-1"]
[WhiteElo "2152"]
[BlackElo "2400"]
[PlyCount "98"]
[EventDate "2015.02.14"]
[WhiteTeam "South Wales Dragons"]
[BlackTeam "Guildford 2"]

1. c4 Nf6 2. g3 e6 3. Bg2 d5 4. Nf3 dxc4 5. Na3 Bxa3 6. bxa3 O-O 7. Bb2 Nc6 8.
Qc2 Re8 9. O-O e5 10. Qxc4 h6 11. d3 Qd6 12. Rfc1 Be6 13. Qc5 Nd7 14. Qb5 Rab8
15. Nd2 a6 16. Qa4 Bd5 17. e4 Be6 18. Qc2 Rbd8 19. Bf1 Nf8 20. Bc3 Qxa3 21.
Rab1 Bc8 22. Nc4 Qc5 23. Qb2 f6 24. Ne3 Ne6 25. Nd5 Qd6 26. Bh3 Ned4 27. Bxc8
Rxc8 28. Kg2 b5 29. a4 Rf8 30. axb5 axb5 31. Ra1 f5 32. Ra6 fxe4 33. dxe4 Qd7
34. Rxc6 Nxc6 35. Qxb5 Rf7 36. Be1 Nb8 37. Qc4 Qe6 38. Bb4 c5 39. Bxc5 Nd7 40.
Qb4 Qg4 41. Be3 Qf3+ 42. Kh3 Rxc1 43. Bxc1 Qxf2 44. Be3 Qf1+ 45. Kg4 Nf6+ 46.
Nxf6+ Rxf6 47. Bc5 Qf3+ 48. Kh3 Rf4 49. Qb8+ Kh7 0-1

[Event "4NCL Division 1a"]
[Site "Birmingham ENG"]
[Date "2015.02.14"]
[Round "5.137"]
[White "Wadsworth, Matthew"]
[Black "Jameson, David"]
[Result "1/2-1/2"]
[WhiteElo "2096"]
[BlackElo "2074"]
[PlyCount "98"]
[EventDate "2015.02.14"]
[WhiteTeam "Guildford 2"]
[BlackTeam "South Wales Dragons"]

1. e4 e5 2. Nf3 Nc6 3. Bb5 a6 4. Ba4 Nf6 5. Bxc6 dxc6 6. d3 Bd6 7. O-O Bg4 8.
Nbd2 O-O 9. Nc4 Nd7 10. Ne3 Bh5 11. h3 c5 12. b3 Re8 13. Qe2 Nf8 14. g4 Bg6 15.
Nf5 Ne6 16. Re1 Kh8 17. c3 Qd7 18. Be3 Rad8 19. Rad1 f6 20. Qd2 Qc6 21. Ng3 Kg8
22. Nh4 Rd7 23. Ng2 Red8 24. Nf5 Bf8 25. Qc2 Qb5 26. a4 Qc6 27. Rd2 Bd6 28.
Red1 Bf8 29. f3 Kh8 30. Bf2 Bxf5 31. gxf5 Ng5 32. Nh4 Nxh3+ 33. Kh2 Nxf2 34.
Rxf2 Kg8 35. Rg2 Kf7 36. Rg3 Ke8 37. Ng2 Rf7 38. Kg1 Kd7 39. Kf2 Kc8 40. Ke2
Rfd7 41. Ne3 Kb8 42. Rg4 Ka7 43. Rd2 Rb8 44. Rd1 Rbd8 45. Rg2 Qd6 46. Qd2 Qb6
47. Qc2 Qd6 48. Qd2 Qb6 49. Qc2 Qd6 1/2-1/2

[Event "4NCL Division 1a"]
[Site "Birmingham ENG"]
[Date "2015.02.14"]
[Round "5.138"]
[White "Lochte, Szilvia"]
[Black "Milliet, Sophie"]
[Result "0-1"]
[WhiteElo "1918"]
[BlackElo "2383"]
[PlyCount "62"]
[EventDate "2015.02.14"]
[WhiteTeam "South Wales Dragons"]
[BlackTeam "Guildford 2"]

1. d4 c5 2. d5 Nf6 3. Nc3 g6 4. e4 d6 5. Be2 Bg7 6. Nf3 O-O 7. O-O Na6 8. Nd2
Nc7 9. a4 a6 10. a5 Nb5 11. Nxb5 axb5 12. Bxb5 Rxa5 13. Rxa5 Qxa5 14. Qe2 Bd7
15. Bxd7 Nxd7 16. f4 b5 17. Nf3 Nb6 18. Rd1 b4 19. b3 Ra8 20. e5 Qa6 21. Qe1
Qb7 22. e6 f5 23. Qd2 Ra1 24. Qd3 Nxd5 25. Ng5 Nc3 26. Re1 Bd4+ 27. Kh1 Ne4 28.
Nxe4 Qxe4 29. Qxe4 fxe4 30. Bd2 Ra2 31. Rc1 Kg7 0-1

[Event "4NCL Division 1a"]
[Site "Birmingham ENG"]
[Date "2015.02.14"]
[Round "5.141"]
[White "Lawton, Geoff"]
[Black "Collins, Sam"]
[Result "0-1"]
[WhiteElo "2382"]
[BlackElo "2491"]
[PlyCount "58"]
[EventDate "2015.02.14"]
[WhiteTeam "Warwickshire Select 1"]
[BlackTeam "Barbican 4NCL 1"]

1. e4 e5 2. Nf3 Nc6 3. Bb5 a6 4. Ba4 Nf6 5. O-O Be7 6. Re1 b5 7. Bb3 O-O 8. d3
d6 9. c3 Na5 10. Bc2 c5 11. d4 Qc7 12. Nbd2 cxd4 13. cxd4 Nc6 14. d5 Nb4 15.
Bb1 a5 16. a3 Na6 17. Nf1 Nc5 18. Bd2 a4 19. Bb4 Qa7 20. N3d2 Bg4 21. Qc1 Rac8
22. Bc3 Bd8 23. Ne3 Ba5 24. Bc2 Rc7 25. Qb1 Rfc8 26. Bd1 Bd7 27. Be2 g6 28. Nd1
Bb6 29. Ne3 Nb3 0-1

[Event "4NCL Division 1a"]
[Site "Birmingham ENG"]
[Date "2015.02.14"]
[Round "5.142"]
[White "Turner, Matthew"]
[Black "Thomas, Nick"]
[Result "1-0"]
[WhiteElo "2481"]
[BlackElo "2264"]
[PlyCount "85"]
[EventDate "2015.02.14"]
[WhiteTeam "Barbican 4NCL 1"]
[BlackTeam "Warwickshire Select 1"]

1. d4 e6 2. Nf3 Nf6 3. g3 b5 4. Bg2 Bb7 5. Bg5 c5 6. O-O Qb6 7. Bxf6 gxf6 8. a4
b4 9. a5 Qc7 10. c3 Na6 11. cxb4 cxb4 12. Qd3 Bh6 13. Nbd2 Rc8 14. e3 O-O 15.
Nb3 Qc2 16. Ne1 Qxd3 17. Nxd3 Bxg2 18. Kxg2 Rc2 19. Rfc1 Rfc8 20. Nbc5 Rxc1 21.
Rxc1 Nxc5 22. Rxc5 Rxc5 23. Nxc5 d5 24. Nd7 Bf8 25. Nxf6+ Kg7 26. Nh5+ Kg6 27.
Nf4+ Kf5 28. Kf3 a6 29. b3 Bd6 30. Nd3 h5 31. h3 Kg5 32. e4 dxe4+ 33. Kxe4 f5+
34. Ke3 h4 35. gxh4+ Kxh4 36. Nc5 Bc7 37. Nxa6 Bxa5 38. Nc5 Kxh3 39. Nxe6 Kg4
40. f3+ Kh5 41. Kf4 Kg6 42. Ke5 Bb6 43. d5 1-0

[Event "4NCL Division 1a"]
[Site "Birmingham ENG"]
[Date "2015.02.14"]
[Round "5.143"]
[White "Pitcher, John"]
[Black "d'Costa, Lorin"]
[Result "1-0"]
[WhiteElo "2240"]
[BlackElo "2430"]
[PlyCount "81"]
[EventDate "2015.02.14"]
[WhiteTeam "Warwickshire Select 1"]
[BlackTeam "Barbican 4NCL 1"]

1. e4 c6 2. d4 d5 3. e5 Bf5 4. Nf3 e6 5. Be2 Ne7 6. O-O c5 7. c4 Nbc6 8. Nc3
dxc4 9. Qa4 Nd5 10. dxc5 Nxc3 11. bxc3 Bxc5 12. Qxc4 Qb6 13. Nh4 Bc2 14. Qg4
Bg6 15. Nxg6 hxg6 16. Qe4 Qc7 17. Rb1 Bb6 18. Bf4 O-O-O 19. Bf3 Rd5 20. Qe2 Rc5
21. Rb5 Rxc3 22. Qd2 Rxf3 23. gxf3 Nd4 24. Qd3 Qd8 25. Rb2 Qd5 26. Kg2 g5 27.
Bg3 g4 28. Rd1 gxf3+ 29. Kh1 Rd8 30. Bh4 Rd7 31. Qh7 Qc4 32. Rbd2 Bc5 33. Qxg7
Kc7 34. Qg4 b5 35. Qe4 Rd5 36. Bf6 Qc3 37. Qh7 Rd7 38. Qd3 Qa5 39. Rc1 Kb6 40.
Rdc2 Nxc2 41. Qxd7 1-0